[Event "Moscow Open A 2015"]
[Site "Moscow RUS"]
[Date "2015.02.06"]
[Round "7.22"]
[White "Kozionov, Kirill"]
[Black "Kryakvin, Dmitry"]
[Result "0-1"]
[WhiteTitle "IM"]
[BlackTitle "GM"]
[WhiteElo "2391"]
[BlackElo "2548"]
[WhiteFideId "24101729"]
[BlackFideId "4153278"]
[EventDate "2015.01.31"]

1. e4 c6 2. d4 d5 3. Nc3 dxe4 4. Nxe4 Bf5 5. Ng3 Bg6 6. h4 h6 7. Nf3 Nd7 8. h5
Bh7 9. Bd3 Bxd3 10. Qxd3 e6 11. Bd2 Ngf6 12. O-O-O Be7 13. Kb1 Qb6 14. Rhe1 O-O
15. Nf5 exf5 16. Rxe7 Qd8 17. Re2 Ne4 18. Bc1 Re8 19. g4 fxg4 20. Rxe4 Rxe4 21.
Qxe4 Nf6 22. Qe5 gxf3 23. Rg1 Kh7 24. Bxh6 gxh6 25. Qf5+ Kh8 26. Qe5 a5 27. a4
c5 28. d5 Ra6 29. Qf4 Qf8 30. Qf5 Rd6 31. Qe5 Qd8 32. c4 Rb6 33. Qg3 Qg8 34. Qh2
Qf8 35. Qc7 Rd6 36. Qxc5 Qe7 37. Ka2 b6 38. Qa3 Nxh5 39. Qxf3 Ng7 40. Qg4 Qf6
41. Qc8+ Rd8 42. Qc7 Ne8 43. Qg3 Nd6 44. Qb3 Ne4 45. Qe3 Nc5 46. Rh1 Kh7 47. Rh5
Rg8 48. Re5 Rg4 0-1

[Event "Moscow Open A 2015"]
[Site "Moscow RUS"]
[Date "2015.02.06"]
[Round "7.23"]
[White "Megaranto, Susanto"]
[Black "Asgarizadeh, Ahmad"]
[Result "1-0"]
[WhiteTitle "GM"]
[WhiteElo "2548"]
[BlackElo "2424"]
[WhiteFideId "7101384"]
[BlackFideId "12505684"]
[EventDate "2015.01.31"]

1. d4 Nf6 2. Bg5 d5 3. e3 c5 4. c3 Nc6 5. Nd2 h6 6. Bh4 e6 7. Ngf3 Be7 8. Bd3
Nd7 9. Bg3 O-O 10. O-O f5 11. Bb5 a6 12. Bxc6 bxc6 13. Ne5 Nxe5 14. Bxe5 a5 15.
Nb3 c4 16. Nc5 Qb6 17. f4 Qxb2 18. Qc1 Qxc1 19. Raxc1 Bxc5 20. dxc5 a4 21. Rb1
Ba6 22. a3 Ra7 23. h3 g6 24. g4 Bb5 25. Kf2 Kf7 26. Rg1 Rg8 27. Kf3 Rd7 28. Rb2
Rb7 29. Rgg2 Rd7 30. h4 Rdd8 31. Rg3 Rdf8 32. Rbg2 fxg4+ 33. Kxg4 Rd8 34. Rg1
Ba6 35. R3g2 Bb5 36. Rb2 Rc8 37. Rgb1 Ra8 38. Rb4 Ra7 39. R4b2 Kf8 40. Bd6+ Kf7
41. Be5 Rd7 42. Rg1 Rdd8 43. Rbg2 Ba6 44. Kf3 h5 45. Bd6 Rd7 46. Rb2 Bb5 47. e4
dxe4+ 48. Kxe4 Rb7 49. Ke5 Re8 50. Rh1 Ra8 51. Rb4 Raa7 52. Rhb1 Kg7 53. Rxb5
cxb5 54. Rf1 Rf7 55. Kxe6 Rf6+ 56. Kd5 1-0

[Event "Moscow Open A 2015"]
[Site "Moscow RUS"]
[Date "2015.02.06"]
[Round "7.24"]
[White "Atabayev, Maksat"]
[Black "Kezin, Roman"]
[Result "1-0"]
[WhiteTitle "IM"]
[BlackTitle "FM"]
[WhiteElo "2496"]
[BlackElo "2408"]
[WhiteFideId "14001101"]
[BlackFideId "24124621"]
[EventDate "2015.01.31"]

1. e4 c5 2. Nf3 e6 3. d3 Nc6 4. g3 g6 5. Bg5 Qa5+ 6. Nc3 Bg7 7. Bg2 h6 8. Bd2
Nge7 9. Qc1 Qd8 10. O-O d5 11. exd5 exd5 12. Re1 Kf8 13. a3 Kg8 14. Rb1 a6 15.
b4 cxb4 16. axb4 b5 17. Ne2 Ra7 18. c3 Nf5 19. c4 dxc4 20. dxc4 bxc4 21. Qxc4
Rc7 22. Rbc1 Nd6 23. Qc5 Bb7 24. Nfd4 Nb5 25. Bf4 Ncxd4 26. Bxc7 Qa8 27. Rcd1
Kh7 28. Nf4 Bxg2 29. Nxg2 1-0

[Event "Moscow Open A 2015"]
[Site "Moscow RUS"]
[Date "2015.02.06"]
[Round "7.25"]
[White "Baghdasaryan, Vahe"]
[Black "Matsenko, Sergei"]
[Result "1/2-1/2"]
[WhiteTitle "IM"]
[BlackTitle "IM"]
[WhiteElo "2372"]
[BlackElo "2489"]
[WhiteFideId "13303139"]
[BlackFideId "4170083"]
[EventDate "2015.01.31"]

1. c4 Nf6 2. Nc3 c5 3. g3 e6 4. e4 Nc6 5. Bg2 d6 6. Nge2 a6 7. O-O Be7 8. d4
cxd4 9. Nxd4 Bd7 10. Be3 O-O 11. Qe2 Rc8 12. Rac1 Re8 13. Rfd1 Nxd4 14. Bxd4 e5
15. Be3 Qa5 16. Bg5 Bg4 17. Bf3 Be6 18. b3 h6 19. Bxf6 Bxf6 20. Rxd6 Be7 21. Rd3
b5 22. Nd5 bxc4 23. bxc4 Bc5 24. Bg4 Kh8 25. Bxe6 fxe6 26. Ne3 Bd4 27. Rb3 Re7
28. Rcb1 Rec7 29. Rb8 Bxe3 30. Qxe3 Qxa2 31. Qc3 Qxc4 32. Qxe5 Rxb8 33. Rxb8+
Kh7 34. Re8 Qb5 35. Qxb5 axb5 36. Rxe6 Rb7 37. Rc6 b4 38. Rc2 g5 39. f3 Kg6 40.
Kf2 b3 41. Rb2 Kf6 42. Ke3 Ke5 43. Kd3 Rf7 44. Ke3 Rb7 45. Kd3 Rf7 46. Ke3 Rb7
47. h3 Rb8 48. Kd3 Rf8 49. Rf2 b2 50. Kc2 Kd4 51. Kxb2 Ke3 52. Rf1 Ke2 53. Ra1
Rb8+ 54. Kc3 Kxf3 55. g4 Kxe4 56. Ra6 Rh8 57. Rf6 1/2-1/2

[Event "Moscow Open A 2015"]
[Site "Moscow RUS"]
[Date "2015.02.06"]
[Round "7.26"]
[White "Ulko, Jaroslav"]
[Black "Sharafiev, Azat"]
[Result "1/2-1/2"]
[WhiteTitle "IM"]
[BlackTitle "IM"]
[WhiteElo "2482"]
[BlackElo "2395"]
[WhiteFideId "4116658"]
[BlackFideId "4186214"]
[EventDate "2015.01.31"]

1. d4 d5 2. c4 e6 3. Nf3 Nf6 4. Nc3 Be7 5. Bg5 h6 6. Bh4 O-O 7. e3 Ne4 8. Bxe7
Qxe7 9. Qc2 Nxc3 10. Qxc3 c6 11. Rc1 Nd7 12. Bd3 dxc4 13. Bxc4 b6 14. O-O Bb7
15. Be2 c5 16. Qa3 Rfc8 17. Rfd1 Kf8 18. dxc5 Rxc5 19. Rxc5 Nxc5 20. Ne5 Qg5 21.
Nf3 Qe7 22. h3 a5 23. Rd4 Rd8 24. Ne5 Kg8 25. Bf1 Qc7 26. Qc3 Rd5 27. Rxd5 Bxd5
28. Bc4 Bxc4 29. Nxc4 Na4 30. Qd4 f6 31. b3 b5 32. Nxa5 Qxa5 33. bxa4 bxa4 34.
Qd7 e5 35. Qe6+ Kh8 36. Kh2 1/2-1/2

[Event "Moscow Open A 2015"]
[Site "Moscow RUS"]
[Date "2015.02.06"]
[Round "7.27"]
[White "Khegay, Dmitriy"]
[Black "Badmatsyrenov, Oleg"]
[Result "1/2-1/2"]
[WhiteTitle "FM"]
[BlackTitle "IM"]
[WhiteElo "2370"]
[BlackElo "2481"]
[WhiteFideId "24153729"]
[BlackFideId "24115762"]
[EventDate "2015.01.31"]

1. e4 c5 2. Nf3 e6 3. d4 cxd4 4. Nxd4 a6 5. Nc3 b5 6. Bd3 Qb6 7. Nf3 Qc7 8. O-O
Bb7 9. Re1 Bc5 10. Qd2 Be7 11. b3 f6 12. Bb2 Nc6 13. Rad1 Ne5 14. Nxe5 fxe5 15.
a4 b4 16. Na2 Nf6 17. Qg5 d6 18. Qxg7 Rg8 19. Qh6 Rg6 20. Qh3 Kf7 21. Bc4 Kg7
22. Bd3 Rf8 23. Re2 Ng4 24. Rf1 Qc5 25. Bc1 a5 26. Be3 Qc8 27. Bd2 Bd8 28. f3
Bb6+ 29. Kh1 h5 30. g3 Nf6 31. c3 bxc3 32. Nxc3 Nd7 33. Nb5 Nc5 34. Bc2 Qc6 35.
Bc3 Ba6 36. Rd2 Nb7 37. Ba1 Bd4 38. Rxd4 Bxb5 39. axb5 Qxc2 40. Rc4 Qd3 41. Rc7+
Rf7 42. b6 Rf6 43. f4 Qxe4+ 44. Qg2 Qd5 45. Re1 Kg6 46. Rxf7 Rxf7 47. Qxd5 exd5
48. fxe5 dxe5 49. Bxe5 Rf3 50. Bd4 Rxb3 51. Re6+ Kf7 52. Rh6 Nd8 53. Rxh5 Ke6
54. Rh6+ Kd7 55. Rh7+ Kd6 56. g4 Ne6 57. Bf2 d4 58. b7 Kc6 59. Rh6 Kd5 60. Rh5+
Ke4 61. Bg3 Rxb7 62. Kg2 Rb2+ 63. Kh3 Nf4+ 64. Bxf4 Kxf4 65. Rxa5 d3 66. Ra1 Re2
67. g5 Kxg5 68. Kg3 Kf5 69. Kf3 Ke5 70. h4 Kd4 71. Ra8 Rh2 72. Kg4 d2 73. Rd8+
Ke3 74. Re8+ Kd3 75. Rd8+ Ke4 76. Re8+ Kd3 1/2-1/2

[Event "Moscow Open A 2015"]
[Site "Moscow RUS"]
[Date "2015.02.06"]
[Round "7.28"]
[White "Sanzhaev, Darsen"]
[Black "Gordievsky, Dmitry"]
[Result "1-0"]
[WhiteTitle "FM"]
[BlackTitle "FM"]
[WhiteElo "2357"]
[BlackElo "2479"]
[WhiteFideId "24120030"]
[BlackFideId "24112798"]
[EventDate "2015.01.31"]

1. d4 Nf6 2. c4 d6 3. Nc3 g6 4. e4 Bg7 5. f3 O-O 6. Be3 e5 7. Nge2 Nbd7 8. Qd2
a6 9. d5 Rb8 10. Ba7 Ra8 11. Be3 Nh5 12. g4 Nf4 13. Nxf4 exf4 14. Bxf4 h5 15.
gxh5 Qh4+ 16. Bg3 Qxh5 17. Be2 f5 18. f4 Qh3 19. O-O-O b5 20. exf5 Nc5 21. b4
Qh8 22. Be1 Bxf5 23. bxc5 b4 24. Na4 Rab8 25. Bd3 b3 26. Bxf5 Rxf5 27. Kb1 Qh5
28. Bg3 Qf3 29. Qd3 bxa2+ 30. Kxa2 Qg2+ 31. Qd2 Qe4 32. Rc1 Qf3 33. Qd1 Qg2+ 34.
Qc2 Qf3 35. Rhf1 Qe3 36. Rfe1 Qd4 37. Re4 Qf6 38. Be1 Rh5 39. Bc3 Qf5 40. Bxg7
Qd7 1-0

[Event "Moscow Open A 2015"]
[Site "Moscow RUS"]
[Date "2015.02.06"]
[Round "7.29"]
[White "Matinian, Nikita"]
[Black "Oganian, Miran"]
[Result "1-0"]
[WhiteTitle "IM"]
[BlackTitle "FM"]
[WhiteElo "2475"]
[BlackElo "2347"]
[WhiteFideId "24129100"]
[BlackFideId "4122488"]
[EventDate "2015.01.31"]

1. d4 d5 2. c4 dxc4 3. Nf3 a6 4. a4 Nc6 5. e3 Na5 6. Nbd2 Be6 7. Ng5 Bd5 8. e4
e6 9. h4 h6 10. exd5 hxg5 11. dxe6 Bb4 12. exf7+ Kxf7 13. Be2 Qxd4 14. Qc2 Rd8
15. h5 Nf6 16. O-O Nxh5 17. Ne4 Be7 18. Bxg5 Nf6 19. Bxf6 Bxf6 20. Rad1 Qe5 21.
Bxc4+ Nxc4 22. Qxc4+ Kg6 23. Ng3 b5 24. Qg4+ Kf7 25. axb5 Qxb5 26. Rfe1 Rhe8 27.
Nf5 g6 28. Rxe8 Rxd1+ 29. Qxd1 Kxe8 30. Ne3 Qxb2 31. Qd3 Qa1+ 32. Kh2 Qe5+ 33.
g3 Qh5+ 34. Kg2 a5 35. Nd5 Bd8 36. Qb5+ Kf8 37. Qd7 Bg5 38. Nxc7 Bf6 39. Ne6+
Kg8 40. Qe8+ Kh7 41. Qf7+ Kh6 42. Qxf6 Qd5+ 43. f3 1-0

[Event "Moscow Open A 2015"]
[Site "Moscow RUS"]
[Date "2015.02.06"]
[Round "7.30"]
[White "Mokshanov, Alexey"]
[Black "Esipenko, Andrey"]
[Result "1-0"]
[WhiteTitle "IM"]
[BlackTitle "FM"]
[WhiteElo "2460"]
[BlackElo "2271"]
[WhiteFideId "24121657"]
[BlackFideId "24175439"]
[EventDate "2015.01.31"]

1. Nf3 d5 2. g3 c6 3. Bg2 Bg4 4. O-O Nd7 5. d3 Ngf6 6. Nbd2 e5 7. h3 Bh5 8. e4
Bd6 9. Qe2 O-O 10. Re1 Re8 11. g4 Bg6 12. Nh2 Nc5 13. Nb3 Ne6 14. Nf1 Nf4 15.
Qf3 dxe4 16. dxe4 Nd7 17. Ng3 Nf8 18. Nf5 Bc7 19. Rd1 Qf6 20. Nc5 Rad8 21. Rxd8
Qxd8 22. Nxb7 Qb8 23. Nc5 Qb4 24. Nd3 Nxd3 25. Qxd3 Ne6 26. c3 Qb8 27. Qc4 Bb6
28. Qxc6 Nf4 29. Bxf4 exf4 30. Nd6 Rd8 31. Rd1 Qc7 32. e5 Qe7 33. Qd5 Qh4 34.
Qf3 Qg3 35. b4 f6 36. exf6 gxf6 37. c4 Kf8 38. c5 Qxf3 39. Bxf3 Bc7 40. Nb5 1-0

[Event "Moscow Open A 2015"]
[Site "Moscow RUS"]
[Date "2015.02.06"]
[Round "7.31"]
[White "Demchenko, Anton"]
[Black "Korchmar, Vasiliy"]
[Result "1/2-1/2"]
[WhiteTitle "GM"]
[BlackTitle "FM"]
[WhiteElo "2611"]
[BlackElo "2405"]
[WhiteFideId "4160258"]
[BlackFideId "24131750"]
[EventDate "2015.01.31"]

1. Nf3 Nf6 2. g3 g6 3. Bg2 Bg7 4. O-O O-O 5. Re1 c5 6. e4 d6 7. c3 Nc6 8. h3 e5
9. d3 Be6 10. a3 h6 11. b4 b5 12. Be3 cxb4 13. axb4 d5 14. Qc1 Kh7 15. Bc5 Re8
16. Ra6 Qc8 17. Qa3 dxe4 18. Nfd2 Nb8 19. Rxa7 Rxa7 20. Bxa7 exd3 21. Rxe5 Nc6
22. Re1 Bd5 23. Rxe8 Qxe8 24. Be3 Bxg2 25. Kxg2 Nd5 26. Bc5 Ne5 27. Bd4 Nc4 28.
Qa7 Nxd2 29. Nxd2 Nxc3 30. Bxg7 Qc6+ 31. f3 Kxg7 32. Qd4+ Kg8 33. Qxd3 Nd5 34.
Qd4 Nc3 35. h4 h5 36. Kf2 Kh7 37. Qc5 Qf6 38. Kg2 Kg7 39. Nf1 Na2 40. Qxb5 Qb2+ 1/2-1/2

[Event "Moscow Open A 2015"]
[Site "Moscow RUS"]
[Date "2015.02.06"]
[Round "7.32"]
[White "Schroeder, Jan-Christian"]
[Black "Pavlov, Sergey2"]
[Result "1/2-1/2"]
[WhiteTitle "FM"]
[BlackTitle "IM"]
[WhiteElo "2405"]
[BlackElo "2493"]
[WhiteFideId "24662259"]
[BlackFideId "14114330"]
[EventDate "2015.01.31"]

1. e4 e5 2. Nf3 Nc6 3. Bb5 a6 4. Ba4 Nge7 5. c3 g6 6. d4 exd4 7. cxd4 b5 8. Bb3
Bg7 9. O-O O-O 10. d5 Na5 11. Bd2 Nxb3 12. Qxb3 c5 13. Bc3 d6 14. Bxg7 Kxg7 15.
Nbd2 Bd7 16. Qc3+ f6 17. b4 Qb6 18. Rac1 Rfc8 19. Qe3 Rab8 20. a3 cxb4 21. Qxb6
Rxb6 22. Rxc8 Bxc8 23. axb4 f5 24. Rc1 Kf6 25. Kf1 g5 26. Ne1 fxe4 27. Nxe4+ Kg6
28. Rd1 Bf5 29. f3 a5 30. Nc2 Ra6 31. Ke2 axb4 32. Nxb4 Ra4 33. Nc6 Nxc6 34.
dxc6 Bxe4 35. Rxd6+ Kf5 36. fxe4+ Rxe4+ 37. Kd3 Rc4 38. Rd5+ Kg6 39. Rxb5 Rxc6
40. Ke3 Re6+ 41. Kf3 Rf6+ 1/2-1/2

[Event "Moscow Open A 2015"]
[Site "Moscow RUS"]
[Date "2015.02.06"]
[Round "7.33"]
[White "Vlassov, Nikolai"]
[Black "Ali, Muhammad Lutfi"]
[Result "1-0"]
[WhiteTitle "IM"]
[BlackTitle "FM"]
[WhiteElo "2493"]
[BlackElo "2404"]
[WhiteFideId "4103360"]
[BlackFideId "7103743"]
[EventDate "2015.01.31"]

1. e4 c5 2. c3 d5 3. exd5 Qxd5 4. d4 g6 5. Na3 cxd4 6. Nb5 Na6 7. Qxd4 Qxd4 8.
Nxd4 Bg7 9. Bb5+ Bd7 10. Bxd7+ Kxd7 11. Be3 Nf6 12. O-O-O Kc8 13. Ngf3 Nc7 14.
Rhe1 Nfd5 15. Bg5 f6 16. Ne6 Nxe6 17. Rxe6 fxg5 18. Rxd5 Rd8 19. Rc5+ Kd7 20.
Nxg5 Bf6 21. Rd5+ Ke8 22. Rxd8+ Rxd8 23. Nxh7 Kf7 24. Re4 Bg7 25. Ng5+ Kf6 26.
h4 Rd6 27. g3 e5 28. f4 Rd5 29. c4 Ra5 30. Kb1 exf4 31. Rxf4+ Rf5 32. Re4 Re5
33. Kc2 Rxe4 34. Nxe4+ Kf5 35. Nf2 Bd4 36. Nd3 Kg4 37. Nf4 Bf2 38. Nxg6 Bxg3 39.
Kd3 Kh5 40. Ne7 Bxh4 41. Nc8 Bf2 42. Ke4 Kg5 43. Kd5 Kf4 44. c5 Ke3 45. Nxa7 Kd3
46. Nb5 Kc2 47. b4 Kb2 48. Kc4 Kxa2 49. Nd6 1-0

[Event "Moscow Open A 2015"]
[Site "Moscow RUS"]
[Date "2015.02.06"]
[Round "7.34"]
[White "Firat, Burak"]
[Black "Lugovskoy, Maxim"]
[Result "0-1"]
[WhiteTitle "IM"]
[BlackTitle "IM"]
[WhiteElo "2486"]
[BlackElo "2401"]
[WhiteFideId "6305881"]
[BlackFideId "24126454"]
[EventDate "2015.01.31"]

1. e4 e6 2. d4 d5 3. Nc3 Bb4 4. e5 c5 5. a3 Bxc3+ 6. bxc3 Ne7 7. Qg4 Qc7 8. Bd3
cxd4 9. Ne2 dxc3 10. Qxg7 Rg8 11. Qxh7 Qxe5 12. h4 Rxg2 13. Bg5 Nbc6 14. Kf1
Rxg5 15. hxg5 Qxg5 16. Qh8+ Kd7 17. Nxc3 b6 18. Rh5 Qg4 19. Ne2 Ba6 20. Qh7 Bxd3
21. cxd3 Rg8 22. Qxf7 Nd8 23. Qh7 Rg7 24. Qh8 Nf7 25. Qf8 Qg6 26. Rc1 Rg8 27.
Rc7+ Kxc7 28. Qxe7+ Kb8 29. Nf4 Qg1+ 30. Ke2 Qg4+ 31. Ke1 Qxf4 32. Rh7 Rc8 33.
Kf1 Rc1+ 34. Kg2 Qg4+ 35. Kh2 Qg1+ 36. Kh3 Qh1+ 0-1

[Event "Moscow Open A 2015"]
[Site "Moscow RUS"]
[Date "2015.02.06"]
[Round "7.35"]
[White "Yandemirov, Valeri"]
[Black "Potapov, Pavel"]
[Result "1-0"]
[WhiteTitle "GM"]
[BlackTitle "IM"]
[WhiteElo "2365"]
[BlackElo "2474"]
[WhiteFideId "4102622"]
[BlackFideId "4169786"]
[EventDate "2015.01.31"]

1. Nf3 f5 2. d3 d6 3. e4 e5 4. Nc3 c5 5. g3 Nf6 6. Bg5 Be7 7. Nh4 fxe4 8. dxe4
Be6 9. Nf5 Bxf5 10. exf5 Nbd7 11. Bxf6 Nxf6 12. Bb5+ Kf8 13. Bc4 g6 14. g4 h6
15. Qf3 g5 16. O-O-O Qd7 17. Be6 Qc6 18. Bd5 Qb6 19. h4 gxh4 20. Rxh4 Qb4 21.
Rdh1 Nxd5 22. Nxd5 Bg5+ 23. Kb1 Qc4 24. Rh5 e4 25. Qc3 Qxc3 26. Nxc3 Kg7 27.
Nxe4 Bf4 28. g5 Rae8 29. f3 d5 30. Nxc5 Bxg5 31. Ne6+ Rxe6 32. fxe6 Re8 33. f4
Bxf4 34. Rxd5 Rxe6 35. Rd7+ Kf6 36. Rxb7 a6 37. a4 h5 38. a5 Kg5 39. Rh7 Rh6 40.
Rg1+ Kf6 41. Rxh6+ Bxh6 42. Rh1 Kg5 43. b4 Bf8 44. c3 1-0

[Event "Moscow Open A 2015"]
[Site "Moscow RUS"]
[Date "2015.02.06"]
[Round "7.36"]
[White "Bublei, Pavel"]
[Black "Geller, Jakov"]
[Result "1/2-1/2"]
[WhiteTitle "FM"]
[BlackTitle "GM"]
[WhiteElo "2354"]
[BlackElo "2472"]
[WhiteFideId "24112593"]
[BlackFideId "4151984"]
[EventDate "2015.01.31"]

1. d4 Nf6 2. Nf3 d5 3. c4 e6 4. Nc3 c6 5. e3 Nbd7 6. Bd3 dxc4 7. Bxc4 b5 8. Be2
Bb7 9. O-O Be7 10. a3 a5 11. Qc2 O-O 12. Rd1 Qb8 13. e4 b4 14. Na4 b3 15. Qxb3
Nxe4 16. Bf4 Qxf4 17. Qxb7 Rad8 18. Qxc6 Ndf6 19. Qc1 Qf5 20. Bd3 Rxd4 21. Nxd4
Qxf2+ 22. Kh1 Qxd4 23. Bxe4 Qxe4 24. Nc3 Qh4 25. Qd2 Bc5 26. g3 Qh5 27. Rf1 Rb8
28. Rae1 e5 29. Ne4 Nxe4 30. Rxe4 Bd4 31. Qxa5 Qh3 32. Qa6 h5 33. b4 Rc8 34.
Rfe1 Rc3 35. Qa8+ Rc8 36. Qa6 Rc3 37. Qa8+ Rc8 38. Qa4 Qf5 39. Qd1 Rc1 40. Rxd4
Rxd1 41. Rdxd1 h4 42. gxh4 Qf3+ 43. Kg1 Qxa3 44. Rxe5 Qxb4 45. Rd8+ Kh7 46. Rh5+
Kg6 47. Rg5+ Kf6 48. Rdd5 Qe1+ 49. Kg2 Qxh4 50. Rdf5+ Ke6 51. Re5+ Kd6 52. Rd5+
Ke7 53. Rge5+ Kf8 54. Rd3 f6 55. Ree3 Qg4+ 56. Kf2 Kf7 57. Rf3 f5 58. Rxf5+ 1/2-1/2

[Event "Moscow Open A 2015"]
[Site "Moscow RUS"]
[Date "2015.02.06"]
[Round "7.37"]
[White "Kutuzov, Denis"]
[Black "Wan, Yunguo"]
[Result "0-1"]
[BlackTitle "IM"]
[WhiteElo "2336"]
[BlackElo "2472"]
[WhiteFideId "4133617"]
[BlackFideId "8603189"]
[EventDate "2015.01.31"]

1. e4 c5 2. Nf3 Nc6 3. Bb5 g6 4. Bxc6 dxc6 5. h3 Bg7 6. d3 Nf6 7. Nc3 O-O 8. Be3
b6 9. Qd2 e5 10. O-O Qe7 11. a3 Rd8 12. Bg5 c4 13. d4 h6 14. Nxe5 hxg5 15. Nxc6
Qc7 16. Nxd8 Qxd8 17. Qxg5 Bb7 18. d5 Nd7 19. Qg3 g5 20. Rae1 Ne5 21. Kh1 Qe7
22. Qe3 Rd8 23. Ne2 Rd6 24. Ng3 Bc8 25. f4 gxf4 26. Qxf4 Bh6 27. Nf5 Bxf5 28.
Qxf5 Rg6 29. Re2 Bf8 30. Qf4 Qc7 31. g4 Bd6 32. g5 Rg7 33. Qf5 Rh7 34. Kg2 Ng6
35. Kh1 Qe7 36. Qc8+ Kg7 37. Qf5 Rh4 38. Qf6+ Qxf6 39. gxf6+ Kh6 40. Re3 Bc5 41.
Re2 Nf4 42. Rh2 Nh5 43. Re1 Ng3+ 44. Kg2 Nxe4 45. Kf3 Ng5+ 46. Kg3 Rd4 47. Rhe2
Bd6+ 48. Kg2 Kg6 49. Re7 a5 50. R1e2 Rxd5 51. Rb7 Ne6 52. Re4 Rd2+ 53. Kf1 Nd4
54. Rd7 Nf5 55. Ke1 Rxc2 56. Re2 Rc1+ 57. Kf2 Bc5+ 58. Kg2 Rg1+ 0-1

[Event "Moscow Open A 2015"]
[Site "Moscow RUS"]
[Date "2015.02.06"]
[Round "7.38"]
[White "Zaitsev, Alexander"]
[Black "Tsydypov, Zhamsaran"]
[Result "1-0"]
[WhiteTitle "IM"]
[BlackTitle "FM"]
[WhiteElo "2472"]
[BlackElo "2398"]
[WhiteFideId "4164490"]
[BlackFideId "4108566"]
[EventDate "2015.01.31"]

1. e4 c6 2. Nc3 d5 3. Nf3 Bg4 4. h3 Bxf3 5. Qxf3 Nf6 6. d3 e6 7. Bd2 Bb4 8. a3
Ba5 9. e5 Nfd7 10. Qg3 O-O 11. Bh6 g6 12. Bxf8 Qxf8 13. d4 c5 14. dxc5 Nc6 15.
Bb5 Bc7 16. f4 f6 17. O-O fxe5 18. fxe5 Qxc5+ 19. Kh1 Bxe5 20. Qg4 Re8 21. Rae1
Qd6 22. Rd1 Nf6 23. Qh4 Nh5 24. Ne4 Qe7 25. Qxe7 Rxe7 26. g4 Nf4 27. Nc5 Bd6 28.
c4 Bxc5 29. Rxf4 e5 30. Rf6 Kg7 31. g5 Nd4 32. b4 Bb6 33. c5 Bc7 34. Bf1 h6 35.
h4 hxg5 36. hxg5 Re8 37. Rd3 b6 38. Bg2 Rd8 39. a4 bxc5 40. bxc5 Rd7 41. Ra6 Bb8
42. c6 Rf7 43. Rd2 e4 44. Bxe4 dxe4 45. Rxd4 e3 46. Re4 Bf4 47. Ra5 Kf8 48. Kg2
Bc7 49. Rxa7 Rf2+ 50. Kg1 Bb6 51. Rb7 Rb2 52. c7 1-0

[Event "Moscow Open A 2015"]
[Site "Moscow RUS"]
[Date "2015.02.06"]
[Round "7.39"]
[White "Chekhov, Sergei"]
[Black "Kholopov, Alexander A."]
[Result "1-0"]
[WhiteTitle "IM"]
[BlackTitle "FM"]
[WhiteElo "2470"]
[BlackElo "2334"]
[WhiteFideId "4195639"]
[BlackFideId "4148100"]
[EventDate "2015.01.31"]

1. e4 c5 2. Nf3 Nc6 3. d4 cxd4 4. Nxd4 Qb6 5. Nb3 Nf6 6. Nc3 e6 7. Bd3 d6 8. O-O
a6 9. Be3 Qc7 10. f4 Be7 11. Kh1 b5 12. Qf3 O-O 13. Rae1 Bb7 14. Qh3 g6 15. f5
b4 16. Ne2 exf5 17. exf5 Ne5 18. Bg5 Nfg4 19. f6 Bd8 20. Ng3 Qd7 21. Qh4 Kh8 22.
h3 Nxd3 23. cxd3 Ne5 24. Qh6 Rg8 25. Rf4 1-0

[Event "Moscow Open A 2015"]
[Site "Moscow RUS"]
[Date "2015.02.06"]
[Round "7.40"]
[White "Natacheev, Peter"]
[Black "Yilmazyerli, Mert"]
[Result "0-1"]
[WhiteTitle "FM"]
[BlackTitle "IM"]
[WhiteElo "2308"]
[BlackElo "2465"]
[WhiteFideId "4191854"]
[BlackFideId "6305962"]
[EventDate "2015.01.31"]

1. d4 g6 2. Nf3 Bg7 3. g3 d6 4. Bg2 Nd7 5. O-O e5 6. dxe5 dxe5 7. c4 Ngf6 8. Nc3
O-O 9. Qc2 c6 10. b3 Re8 11. e3 Nc5 12. Rd1 Qa5 13. e4 Bg4 14. Bb2 Ne6 15. Ne2
Bxf3 16. Bxf3 Rad8 17. Bg2 Qc5 18. b4 Qxb4 19. Bxe5 Qc5 20. Bxf6 Bxf6 21. Rab1
b5 22. Rdc1 bxc4 23. Qxc4 Rd1+ 0-1

[Event "Moscow Open A 2015"]
[Site "Moscow RUS"]
[Date "2015.02.06"]
[Round "7.41"]
[White "Palachev, Petr"]
[Black "Barsov, Alexei"]
[Result "1-0"]
[WhiteTitle "FM"]
[BlackTitle "GM"]
[WhiteElo "2300"]
[BlackElo "2455"]
[WhiteFideId "24129003"]
[BlackFideId "14200082"]
[EventDate "2015.01.31"]

1. d4 d5 2. c4 e6 3. Nc3 Bb4 4. e3 c5 5. Nf3 Nf6 6. Bd3 O-O 7. O-O Nc6 8. a3
Bxc3 9. bxc3 Qc7 10. a4 dxc4 11. Bxc4 e5 12. Ba3 b6 13. Qc2 Bb7 14. Rfd1 Na5 15.
Ba2 Bxf3 16. gxf3 Rfe8 17. dxc5 bxc5 18. Rab1 e4 19. f4 a6 20. Rd2 Rad8 21. Rbd1
Rxd2 22. Rxd2 Qc8 23. Qd1 h5 24. Qf1 c4 25. h3 Nb3 26. Rd6 Re6 27. Rd1 Qc6 28.
Rd8+ Re8 29. Qd1 Qxa4 30. Be7 Qxa2 31. Bxf6 Qa4 32. Be5 Rxd8 33. Qxd8+ Kh7 34.
Qf8 f6 35. Bxf6 gxf6 36. Qf7+ Kh6 37. f5 1-0

[Event "Moscow Open A 2015"]
[Site "Moscow RUS"]
[Date "2015.02.06"]
[Round "7.42"]
[White "Tabatabaei, M.amin"]
[Black "Kardashevskiy, Evgeny"]
[Result "1-0"]
[WhiteTitle "FM"]
[WhiteElo "2444"]
[BlackElo "2236"]
[WhiteFideId "12521213"]
[BlackFideId "24108138"]
[EventDate "2015.01.31"]

1. e4 c5 2. Nf3 g6 3. d4 cxd4 4. Nxd4 Nf6 5. Nc3 Nc6 6. Nxc6 dxc6 7. Qxd8+ Kxd8
8. Bc4 Ke8 9. O-O b5 10. Bd3 e5 11. a4 b4 12. Nd1 a5 13. Ne3 Be6 14. Nc4 Nd7 15.
f4 f6 16. fxe5 fxe5 17. Kh1 h6 18. Be3 Be7 19. Rad1 Bg5 20. Bf2 Bg4 21. Rde1 Ke7
22. Ne3 Be6 23. h4 Bf6 24. Bc4 Bxc4 25. Nxc4 Ke6 26. Rd1 Be7 27. Bg3 h5 28. b3
Bc5 29. Rf3 Bd4 30. Rdf1 Rh7 31. Be1 Rg7 32. Bd2 Ra7 33. Bg5 Ra6 34. Kh2 Rh7 35.
Kh3 Rg7 36. Kh2 Rh7 37. Bc1 Rg7 38. Bd2 Rh7 39. Kh1 Ra8 40. Kh2 Rg7 41. Bh6 Rh7
42. Be3 Ra6 43. Rh1 c5 44. Rhf1 Rg7 45. Bg5 Ra7 46. Bd8 Ra8 47. Bg5 Ra7 48. Kh1
Rh7 49. Bd8 Ra8 50. Bxa5 g5 51. hxg5 Rg8 52. Rf5 Rhg7 53. Kh2 Rxg5 54. Rxg5 Rxg5
55. Bd8 Rg8 56. Bh4 Rg4 57. Kh3 Rxe4 58. a5 Re2 59. a6 Rxc2 60. Bd8 Ra2 61. Ba5
Nb6 62. a7 Na8 63. Rf8 Nc7 64. Rc8 Nd5 65. a8=Q Nf4+ 66. Kh2 1-0